01013nam a2200229 a 450000100060000000300080000600500170001400800450003103500190007604000260009504100080012108200240012924502410015326000600039430000290045465000310048370000550051471000410056994200120061099900170062295201440063928653BD-RjUL20211209051318.0140331s19671952 enk 000 0 eng d a(BD-RjUL)28735 aBD-RjULbengcBD-RjUL aeng a109bHIS V-2 196700aHistory of philosophy, eastern and western /csponsored by the Ministry of Education, Government of India ; editorial board, Sarvepalli Radhakrishnan ... [et al.]nVOLUME TWO.pSPONSORED BY THE MINISTRY OF EDUCATION GOVERNMENT OF INDIA. aLondon :bGeorge Allen & Unwin,c1953 [Rep[rinted 1967] a462 p. :bill. ;c22 cm. 0aPhilosophyxHistory9876961 aRadhakrishnan, S.q(Sarvepalli),d1888-1975.940681 aIndia.bMinistry of Education.94027 2ddccBK c28653d28653 00102ddc40708NFICaRUCLbRUCLcStackd1973-12-26eu.s.i.sl7o109 HIS V-2 1967r2024-12-10 00:00:00s2024-12-09tC-10w2014-03-31yBK